Historiography and ldentity IV: The Writing of History Across Medieval Eurasia (Record no. 67734)

MARC details
000 -LEADER
fixed length control field 01238nam a2200205Ii 4500
008 - FIXED-LENGTH DATA ELEMENTS--GENERAL INFORMATION
fixed length control field 221205s9999 xx 000 0 und d
020 ## - INTERNATIONAL STANDARD BOOK NUMBER
International Standard Book Number 978-2-503-58658-8
245 #0 - TITLE STATEMENT
Title Historiography and ldentity IV: The Writing of History Across Medieval Eurasia
264 #1 - PRODUCTION, PUBLICATION, DISTRIBUTION, MANUFACTURE, AND COPYRIGHT NOTICE
Date of production, publication, distribution, manufacture, or copyright notice 2021
300 ## - PHYSICAL DESCRIPTION
Extent 1 online resource
336 ## - CONTENT TYPE
Content type term text
Content type code txt
Source rdacontent
337 ## - MEDIA TYPE
Media type term computer
Media type code c
Source rdamedia
338 ## - CARRIER TYPE
Carrier type term online resource
Carrier type code cr
Source rdacarrier
520 ## - SUMMARY, ETC.
Summary, etc. The volume extends the mainly European focus of the series 'Historiography and ldentity' to probe into a more global perspective, exploring the historiographical cultures of a number of Eurasian macro-regions: China, Japan, Iran, South Arabia, Syria, Byzantium, Lotharingia, and Spain. The broader, Eurasian perspective can contribute to a deeper understanding of the very different ways in which works of historiography could communicate, promote, and negotiate 'visions of community' and concepts of belonging.
653 ## - INDEX TERM--UNCONTROLLED
Uncontrolled term Historiography
700 ## - ADDED ENTRY--PERSONAL NAME
Personal name Mahoney, Daniel
700 ## - ADDED ENTRY--PERSONAL NAME
Personal name Pohl, Walter
856 ## - ELECTRONIC LOCATION AND ACCESS
Uniform Resource Identifier <a href="https://docs.google.com/spreadsheets/d/1yKIrdCPDAG_9c22mwoOIO2DOhtj65Wqa/edit?usp=sharing&ouid=106555315294820607512&rtpof=true&sd=true ">https://docs.google.com/spreadsheets/d/1yKIrdCPDAG_9c22mwoOIO2DOhtj65Wqa/edit?usp=sharing&ouid=106555315294820607512&rtpof=true&sd=true </a>
Link text List of Curated E-Books
942 ## - ADDED ENTRY ELEMENTS (KOHA)
Koha item type E-Book
Holdings
Withdrawn status Damaged status Not for loan Home library Current library Date acquired Total Checkouts Date last seen Price effective from Koha item type
      Directory of Open Access Books Directory of Open Access Books 11/28/2022   11/28/2022 11/28/2022 E-Book

University of Rizal System
Email us at univlibservices@urs.edu.ph

Visit our Website www.urs.edu.ph/library